00744nam a2200253 i 4500001000400000100003500004245006500039260002900104300003300133490002000166650001400186650001100200650002300211650002200234650001700256655001200273700001500285830002000300020001500320040000800335041000800343008004100351856009800392bgj1 aMcCULLOUGH, Colleend(1937- ).10aThe Thorn Birds /cColleen McCullough ; retold by Anne Ward. aEssex :bLongman,c1998. a87, [1] pp :bill. ;c20 cm.1 aPenguin Readers 9aCatholics 9aClergy 9aHistorical fiction 9aReligious fiction 9aLove stories aFiction1 aWARD, Anne aPenguin Readers a0582402794 cBPK0 aeng s uk f |000 0 eng  uhttp://koha.tu.koszalin.pl/cgi-bin/koha/opac-detail.pl?biblionumber=48292yKatalog online BPK